000 01094aam a2200337 i 4500
001 3260182
003 EG-ScBUE
005 20240826095629.0
008 810903t1982 nyu f b 001 0 eng d
020 _a0060469773
040 _aDLC
_beng
_erda
_cDLC
_dDLC
_dEG-ScBUE
082 0 4 _a510.2433
_222
_bWEB
100 1 _aWeber, Jean E.,
_eauthor.
245 1 0 _aMathematical analysis :
_bbusiness and economic applications /
_cJean E. Weber, University of Arisona.
250 _aFourth edition.
250 _aInternational edition.
264 1 _aNew York :
_bHarper & Row, Publishers,
_c[1982]
264 4 _cc1982
300 _axii, 719 pages ;
_c27 cm
336 _2rdacontent
_atext
_btxt
337 _2rdamedia
_aunmediated
_bn
338 _2rdacarrier
_avolume
_bnc
504 _aIncludes bibliographical references and index.
650 7 _aBusiness mathematics.
_2BUEsh
650 7 _aMathematical analysis.
_2BUEsh
650 7 _aEconomics, Mathematical.
_2BUEsh
653 _bGGEN
655 _vReading book
906 _a7
_bcbc
_corignew
_d1
_eocip
_f19
_gy-gencatlg
942 _2ddc
_cBB
999 _c30437
_d30408